000 01887cam a2200229 4500500
005 20251012013206.0
041 _afre
042 _adc
100 1 0 _aGrassi, Enzo
_eauthor
700 1 0 _a Bertrand, Claude
_eauthor
700 1 0 _a Pages, Arnaud
_eauthor
700 1 0 _a Mitha, Assia
_eauthor
700 1 0 _a Blanc, Ariane
_eauthor
700 1 0 _a Fleury, Mapi
_eauthor
700 1 0 _a Rieutord, André
_eauthor
245 0 0 _aAssessing human-robot collaboration for the preparation of injectable anticancer drugs through the validation of a technology acceptance model questionnaire
260 _c2025.
500 _a89
520 _aIntegrating robotic technologies into hospital pharmacies, particularly for the sterile compounding of injectable anticancer drugs, is a complex endeavor that requires close human-robot collaboration, or cobotics. The objective of this project was to develop and validate an evaluation tool for assessing human-robot collaboration within a hospital pharmacy team. Prior to the implementation of the robot in our center, focus groups were coordinated to gauge the perceptions, concerns, and expectations of the hospital staff. Subsequently, a technology acceptance model was employed to evaluate this transition, which included a validated French survey tool. Our results demonstrated a statistically robust correlation between the behavioral intention to use the robot and its perceived usefulness and ease of use. This project highlights the importance of properly preparing for the introduction of innovative technologies, such as robotization, and of providing a validated evaluation tool to objectively assess human-robot collaboration.
786 0 _nJournal de Pharmacie Clinique | 44 | 1 | 2025-03-28 | p. 19-28 | 0291-1981
856 4 1 _uhttps://shs.cairn.info/journal-de-pharmacie-clinique-2025-1-page-19?lang=en&redirect-ssocas=7080
999 _c1528721
_d1528721